000 00708nam a2200229Ia 4500
003 OSt
005 20251217113921.0
008 210716s2004 xx 000 0 und d
020 _a471229717
040 _cAIMIT LIBRARY
041 _aeng
082 _a006.37
_21
_bMCKP
100 _aMcKeown, Patrick G.
_9249368
245 _aLearning to program with VB. NET /
_cBy Patrick G McKeown.
250 _a1st ed.
260 _aUSA :
_bJohn Wiley & sons ,
_c2004.
300 _axvii,523p. ;
_bPB
_c228.1 cm
650 _aThe selection process in VB.NET
_9249369
650 _aThe repetition process in VB.NET
_9249370
650 _aWorking with arrays in VB.NET
_9249371
942 _2ddc
_cBK
_e1st
_k006.37 MCKP
999 _c181029
_d181029